Word Ladder: Duller Color Quiz Stats

 Plays Quiz Updated Jul 6, 2015

Challenge
Share
Tweet
Embed
Score 0/34 Timer 04:00
0 Plays Today
Hint 4-Letter Word % Correct
Middle of the dayNOON
98.9%
Fee to cross a bridgeTOLL
96.6%
Precious metal used in jewelryGOLD
96.5%
Place of eternal punishmentHELL
94.8%
Moisten with your tongueLICK
94.4%
Better than averageGOOD
94.4%
Citrus fruitLIME
93.5%
Communicated informationTOLD
93.4%
Choose from a selectionPICK
93.3%
Thuggish security enforcerGOON
93%
Fine soft fabricSILK
92.8%
Fall to the bottomSINK
91.3%
Body of a shipHULL
90.5%
Parasitic insectsLICE
90.4%
Inert gas or colorful lightNEON
90.4%
Singer of 'Raise your glass'PINK
89.9%
Archer William with an eponymous overtureTELL
89.8%
Hint 4-Letter Word % Correct
Cure or sootheHEAL
89.3%
Branch of armed servicesNAVY
88.8%
Section of a wholePART
88.7%
Injured or disabledLAME
88.4%
Color, or a freshwater duckTEAL
87.8%
Label given to a personNAME
87.1%
Dull, or color of ash (US spelling)GRAY
86.1%
Protest through aloofness or silenceSULK
85.4%
Large or unwieldy objectHULK
84%
Consisting of curvesWAVY
83.8%
Part of a church buildingNAVE
83.3%
Small benign growthWART
82.3%
Cautious or watchfulWARY
81.4%
Petition a deityPRAY
78.6%
Attractively livelyPERT
70.2%
Idiot (informal British expression)PRAT
68.4%
Partially decayed vegetable matterPEAT
63.2%

Today's Daily Dose

Missing Word
TV HA - HZ

Word Ladder
Nordic Capital

On This Day
January 19th II

You're not logged in!

Compare scores with friends on all Sporcle quizzes.
OR
Log In

You Might Also Like...

Show Comments

Extras

Top Quizzes Today


Score Distribution

Your Account Isn't Verified!

In order to create a playlist on Sporcle, you need to verify the email address you used during registration. Go to your Sporcle Settings to finish the process.

Report this User

Report this user for behavior that violates our Community Guidelines.

Details: